[Event "International Tournament"]
[Site "Thivon"]
[Date "2016.09.02"]
[Round "9.2"]
[White "Pavlidis, Anastasios"]
[Black "Kouskoutis, Georgios-Alexandro"]
[Result "1/2-1/2"]
[BlackElo "2241"]
[WhiteElo "2377"]
[LiveChessVersion "1.4.8"]

1. d4 {[%clk 1:30:54]} Nf6 {[%clk 1:30:48]} 2. c4 {[%clk 1:31:17]} e6
{[%clk 1:31:12]} 3. Nf3 {[%clk 1:31:39]} c5 {[%clk 1:30:27]} 4. d5
{[%clk 1:31:52]} d6 {[%clk 1:30:53]} 5. Nc3 {[%clk 1:32:13]} exd5
{[%clk 1:31:19]} 6. cxd5 {[%clk 1:32:30]} g6 {[%clk 1:31:42]} 7. Bf4
{[%clk 1:32:38]} a6 {[%clk 1:31:25]} 8. a4 {[%clk 1:32:29]} Nh5 {[%clk 1:31:35]}
9. Bg5 {[%clk 1:32:26]} Be7 {[%clk 1:31:58]} 10. Bh6 {[%clk 1:32:26]} Bf6
{[%clk 1:31:48]} 11. h3 {[%clk 1:30:55]} Bg7 {[%clk 1:21:23]} 12. Bxg7
{[%clk 1:29:57]} Nxg7 {[%clk 1:21:46]} 13. e4 {[%clk 1:26:31]} O-O
{[%clk 1:13:34]} 14. Bc4 {[%clk 1:19:56]} Nd7 {[%clk 1:04:09]} 15. O-O
{[%clk 1:19:46]} Qf6 {[%clk 0:52:09]} 16. Re1 {[%clk 1:17:24]} Ne5
{[%clk 0:51:32]} 17. Nxe5 {[%clk 1:13:29]} Qxe5 {[%clk 0:51:54]} 18. Bf1
{[%clk 1:10:36]} Nh5 {[%clk 0:43:40]} 19. g3 {[%clk 1:03:29]} Bd7
{[%clk 0:43:13]} 20. Qd2 {[%clk 0:58:34]} Rab8 {[%clk 0:31:15]} 21. Rad1
{[%clk 0:58:07]} g5 {[%clk 0:30:39]} 22. Qe3 {[%clk 0:55:15]} Qg7
{[%clk 0:25:07]} 23. e5 {[%clk 0:44:44]} f5 {[%clk 0:17:19]} 24. exd6
{[%clk 0:42:18]} f4 {[%clk 0:16:21]} 25. Qe5 {[%clk 0:35:44]} fxg3
{[%clk 0:16:43]} 26. Qxg7+ {[%clk 0:30:18]} Kxg7 {[%clk 0:17:06]} 27. Re7+
{[%clk 0:26:35]} Rf7 {[%clk 0:17:33]} 28. fxg3 {[%clk 0:26:12]} Nxg3
{[%clk 0:17:42]} 29. Rde1 {[%clk 0:24:37]} Rbf8 {[%clk 0:18:04]} 30. Bd3
{[%clk 0:19:50]} Nf5 {[%clk 0:06:32]} 31. Bxf5 {[%clk 0:20:11]} Bxf5
{[%clk 0:06:59]} 32. R1e5 {[%clk 0:17:20]} Kf6 {[%clk 0:06:04]} 33. a5
{[%clk 0:17:06]} Bg6 {[%clk 0:01:04]} 34. R5e6+ {[%clk 0:14:47]} Kg7
{[%clk 0:01:15]} 35. Na4 {[%clk 0:14:54]} Bf5 {[%clk 0:00:45]} 36. Re5
{[%clk 0:12:49]} Bxh3 {[%clk 0:00:37]} 37. Nxc5 {[%clk 0:13:12]} Kg6
{[%clk 0:00:38]} 38. Rxf7 {[%clk 0:09:03]} Rxf7 {[%clk 0:01:02]} 39. Re7
{[%clk 0:08:35]} h5 {[%clk 0:00:39]} 40. d7 {[%clk 0:21:34]} Bxd7
{[%clk 0:15:45]} 41. Rxf7 {[%clk 0:14:30]} Kxf7 {[%clk 0:16:11]} 42. Nxd7
{[%clk 0:14:52]} Ke7 {[%clk 0:16:25]} 43. Nb6 {[%clk 0:14:16]} h4
{[%clk 0:13:36]} 44. Nc4 {[%clk 0:13:15]} g4 {[%clk 0:13:49]} 45. Kf2
{[%clk 0:09:48]} h3 {[%clk 0:11:54]} 46. Kg3 {[%clk 0:09:53]} Kd7
{[%clk 0:11:53]} 47. Ne3 {[%clk 0:01:55]} Kd6 {[%clk 0:12:20]} 48. Nxg4
{[%clk 0:00:41]} Kxd5 {[%clk 0:12:47]} 49. Kxh3 {[%clk 0:00:56]} Kc4
{[%clk 0:13:06]} 50. Kg3 {[%clk 0:00:39]} Kb3 {[%clk 0:12:22]} 51. Ne3
{[%clk 0:00:52]} Kxb2 {[%clk 0:12:32]} 52. Nc4+ {[%clk 0:01:16]} Kb3
{[%clk 0:12:52]} 53. Nd6 {[%clk 0:01:39]} Kb4 {[%clk 0:13:20]} 54. Nxb7
{[%clk 0:02:02]} Kb5 {[%clk 0:13:48]} 55. Kf4 {[%clk 0:02:11]} Kc6
{[%clk 0:14:15]} 56. Nd8+ {[%clk 0:02:36]} Kb5 {[%clk 0:14:41]} 57. Ke5 1/2-1/2

[Event "International Tournament"]
[Site "Thivon"]
[Date "2016.09.02"]
[Round "9.3"]
[White "Michelakos, Panagiotis"]
[Black "Kourkoulos-Arditis, Stamatis"]
[Result "1-0"]
[BlackElo "2369"]
[WhiteElo "2242"]
[LiveChessVersion "1.4.8"]

1. d4 {[%clk 1:30:57]} e6 {[%clk 1:30:56]} 2. e4 {[%clk 1:31:13]} d5
{[%clk 1:31:23]} 3. Nd2 {[%clk 1:31:18]} Nf6 {[%clk 1:31:49]} 4. e5
{[%clk 1:31:34]} Nfd7 {[%clk 1:32:17]} 5. f4 {[%clk 1:30:12]} c5 {[%clk 1:32:44]}
6. Ngf3 {[%clk 1:30:35]} Nc6 {[%clk 1:33:10]} 7. Nb3 {[%clk 1:30:51]} Qb6
{[%clk 1:33:37]} 8. c3 {[%clk 1:26:01]} cxd4 {[%clk 1:34:02]} 9. Nbxd4
{[%clk 1:26:18]} Nc5 {[%clk 1:34:17]} 10. Qe2 {[%clk 1:15:25]} Ne4
{[%clk 1:27:34]} 11. Be3 {[%clk 1:15:43]} Bc5 {[%clk 1:27:11]} 12. g3
{[%clk 1:13:37]} a5 {[%clk 1:19:06]} 13. Bg2 {[%clk 0:59:33]} a4 {[%clk 1:18:47]}
14. Rc1 {[%clk 0:58:28]} O-O {[%clk 1:14:18]} 15. a3 {[%clk 0:47:15]} Bd7
{[%clk 1:11:26]} 16. O-O {[%clk 0:34:15]} Na5 {[%clk 1:11:17]} 17. Rc2
{[%clk 0:26:40]} Nc4 {[%clk 1:07:18]} 18. Re1 {[%clk 0:24:19]} Bb5
{[%clk 1:02:51]} 19. Qd1 {[%clk 0:24:26]} Nxe3 {[%clk 0:55:57]} 20. Rxe3
{[%clk 0:24:55]} Bc4 {[%clk 0:56:19]} 21. Qe1 {[%clk 0:21:47]} Rac8
{[%clk 0:51:29]} 22. Bf1 {[%clk 0:16:18]} Bb3 {[%clk 0:48:57]} 23. Rg2
{[%clk 0:14:54]} Rc7 {[%clk 0:47:21]} 24. Bd3 {[%clk 0:11:05]} Rfc8
{[%clk 0:45:50]} 25. Kh1 {[%clk 0:06:25]} g6 {[%clk 0:35:12]} 26. Bb1
{[%clk 0:02:56]} Bxa3 {[%clk 0:24:14]} 27. bxa3 {[%clk 0:03:25]} Nxc3
{[%clk 0:24:38]} 28. Rg1 {[%clk 0:02:29]} Nd1 {[%clk 0:22:10]} 29. Rxb3
{[%clk 0:01:32]} axb3 {[%clk 0:22:36]} 30. Qxd1 {[%clk 0:01:56]} b2
{[%clk 0:22:59]} 31. Qb3 {[%clk 8:01:26]} Qxb3 {[%clk 0:21:42]} 32. Nxb3
{[%clk 0:01:55]} Ra8 {[%clk 0:22:00]} 33. Nfd2 {[%clk 0:01:13]} Rxa3
{[%clk 0:22:20]} 34. Kg2 {[%clk 0:00:58]} Rc3 {[%clk 0:22:31]} 35. Kf2
{[%clk 0:00:52]} f6 {[%clk 0:22:44]} 36. exf6 {[%clk 0:01:03]} Kf7
{[%clk 0:23:11]} 37. Nd4 {[%clk 0:01:01]} Rc1 {[%clk 0:23:11]} 38. Re1
{[%clk 0:00:42]} h6 {[%clk 0:22:13]} 39. N4b3 {[%clk 0:00:38]} Rc3
{[%clk 0:22:33]} 40. Nd4 {[%clk 0:15:52]} Rc1 {[%clk 0:37:50]} 41. Rxe6
{[%clk 0:08:33]} Ra4 {[%clk 0:30:55]} 42. Re7+ {[%clk 0:08:24]} Kxf6
{[%clk 0:31:17]} 43. Re6+ {[%clk 0:08:42]} Kg7 {[%clk 0:30:44]} 44. N4f3
{[%clk 0:07:54]} Rc6 {[%clk 0:27:42]} 45. Re7+ {[%clk 0:07:59]} Kf6
{[%clk 0:28:08]} 46. Rxb7 {[%clk 0:08:08]} g5 {[%clk 0:28:35]} 47. fxg5+
{[%clk 0:08:01]} hxg5 {[%clk 0:29:00]} 48. h3 {[%clk 0:07:24]} 1-0

[Event "International Tournament"]
[Site "Thivon"]
[Date "2016.09.02"]
[Round "9.4"]
[White "Hristodoulou, Panagiotis"]
[Black "Grigoriadis, Alexandros"]
[Result "0-1"]
[BlackElo "2147"]
[WhiteElo "2283"]
[LiveChessVersion "1.4.8"]

1. e4 {[%clk 1:29:43]} c5 {[%clk 1:30:56]} 2. Nf3 {[%clk 1:29:57]} e6
{[%clk 1:31:21]} 3. d4 {[%clk 1:30:20]} cxd4 {[%clk 1:31:45]} 4. Nxd4
{[%clk 1:30:44]} Nf6 {[%clk 1:32:10]} 5. Nc3 {[%clk 1:31:05]} d6 {[%clk 1:32:36]}
6. g4 {[%clk 1:30:50]} h6 {[%clk 1:32:59]} 7. h4 {[%clk 1:31:12]} a6
{[%clk 1:30:17]} 8. Rg1 {[%clk 1:29:14]} g6 {[%clk 1:25:27]} 9. g5
{[%clk 1:22:34]} hxg5 {[%clk 1:10:13]} 10. Bxg5 {[%clk 1:22:45]} Be7
{[%clk 1:08:55]} 11. Qf3 {[%clk 1:10:46]} Bd7 {[%clk 1:05:40]} 12. O-O-O
{[%clk 1:09:30]} Nc6 {[%clk 1:05:02]} 13. Nb3 {[%clk 1:09:20]} Nh5
{[%clk 0:51:23]} 14. Qe3 {[%clk 0:48:15]} Qc7 {[%clk 0:40:46]} 15. Nd5 exd5
{[%clk 0:40:14]} 16. exd5 {[%clk 0:36:16]} Ne5 {[%clk 0:40:22]} 17. Bxe7
{[%clk 0:34:56]} Bf5 {[%clk 0:35:35]} 18. Nd4 {[%clk 0:30:44]} Qxe7
{[%clk 0:34:48]} 19. Nxf5 {[%clk 0:27:02]} gxf5 {[%clk 0:34:45]} 20. Qb6
{[%clk 0:27:09]} Rc8 {[%clk 0:28:35]} 21. Kb1 {[%clk 0:26:18]} Kf8
{[%clk 0:24:37]} 22. Bh3 {[%clk 0:22:56]} Ng7 {[%clk 0:22:26]} 23. f4
{[%clk 0:22:03]} Nf3 {[%clk 0:14:27]} 24. Rg3 {[%clk 0:21:17]} Nd2+
{[%clk 0:13:59]} 25. Kc1 {[%clk 0:18:07]} Ne4 {[%clk 0:13:51]} 26. Rxg7
{[%clk 0:17:44]} Kxg7 {[%clk 0:13:18]} 27. Bxf5 {[%clk 0:18:11]} Rc4
{[%clk 0:05:24]} 28. b3 {[%clk 0:18:27]} Qf6 {[%clk 0:05:02]} 29. Rg1+
{[%clk 0:15:48]} Kh6 {[%clk 0:05:02]} 30. bxc4 {[%clk 0:16:11]} Qxf5
{[%clk 0:05:06]} 31. Qxb7 {[%clk 0:10:25]} Qxf4+ {[%clk 0:04:54]} 32. Kb2
{[%clk 0:10:54]} Nc5 {[%clk 0:04:42]} 33. Qe7 {[%clk 0:10:51]} Rb8+
{[%clk 0:04:40]} 34. Kc3 {[%clk 0:10:50]} Qe5+ {[%clk 0:04:18]} 35. Qxe5
{[%clk 0:11:00]} dxe5 {[%clk 0:04:43]} 36. Rf1 {[%clk 0:09:01]} Kg7
{[%clk 0:04:30]} 37. h5 {[%clk 0:09:03]} a5 {[%clk 0:03:55]} 38. h6+
{[%clk 0:06:36]} Kg6 {[%clk 0:03:42]} 39. h7 {[%clk 0:06:56]} f5 {[%clk 0:03:49]}
40. Rh1 {[%clk 0:22:17]} Rh8 {[%clk 0:18:47]} 41. Rb1 {[%clk 0:22:01]} Rxh7
{[%clk 0:16:11]} 42. Rb5 {[%clk 0:22:18]} Rh3+ {[%clk 0:15:20]} 43. Kd2
{[%clk 0:22:29]} Ne4+ {[%clk 0:15:38]} 44. Ke1 {[%clk 0:22:50]} Rh1+
{[%clk 0:15:27]} 45. Ke2 {[%clk 0:23:16]} Nc3+ {[%clk 0:15:51]} 46. Kd2
{[%clk 0:23:36]} Nxb5 {[%clk 0:16:12]} 47. cxb5 {[%clk 0:24:02]} Rh4
{[%clk 0:15:25]} 48. c3 {[%clk 0:24:16]} Kf6 {[%clk 0:15:30]} 49. b6
{[%clk 0:24:36]} Ke7 {[%clk 0:15:48]} 50. b7 {[%clk 0:24:55]} Rh8
{[%clk 0:16:10]} 0-1

[Event "International Tournament"]
[Site "Thivon"]
[Date "2016.09.02"]
[Round "9.5"]
[White "Sandalakis, Nikolaos"]
[Black "Drakoulakos, Grigorios"]
[Result "1-0"]
[BlackElo "2195"]
[WhiteElo "2099"]
[LiveChessVersion "1.4.8"]

1. e4 {[%clk 1:30:57]} c5 {[%clk 1:30:21]} 2. Nf3 {[%clk 1:31:24]} d6
{[%clk 1:30:16]} 3. d4 {[%clk 1:31:47]} cxd4 {[%clk 1:30:39]} 4. Nxd4
{[%clk 1:32:13]} Nf6 {[%clk 1:30:44]} 5. Nc3 {[%clk 1:32:39]} a6 {[%clk 1:30:36]}
6. Bc4 {[%clk 1:32:49]} e6 {[%clk 1:30:49]} 7. Bb3 {[%clk 1:33:15]} Nbd7
{[%clk 1:30:41]} 8. Bg5 {[%clk 1:31:51]} Nc5 {[%clk 1:29:28]} 9. f4
{[%clk 1:31:14]} Be7 {[%clk 1:19:31]} 10. Qf3 {[%clk 1:29:45]} Qc7
{[%clk 1:19:20]} 11. O-O {[%clk 1:21:00]} O-O {[%clk 1:14:18]} 12. Rae1
{[%clk 1:13:40]} b5 {[%clk 1:13:30]} 13. e5 {[%clk 1:03:32]} Bb7 {[%clk 0:53:17]}
14. Qe2 {[%clk 0:38:29]} dxe5 {[%clk 0:48:56]} 15. fxe5 {[%clk 0:38:20]} Nfe4
{[%clk 0:49:09]} 16. Nxe4 {[%clk 0:36:25]} Bxe4 {[%clk 0:48:26]} 17. Bxe7
{[%clk 0:29:22]} Qxe7 {[%clk 0:48:48]} 18. Rf4 {[%clk 0:25:51]} Bg6
{[%clk 0:45:31]} 19. h4 {[%clk 0:22:41]} Rac8 {[%clk 0:32:01]} 20. Ref1
{[%clk 0:17:03]} h6 {[%clk 0:29:21]} 21. h5 {[%clk 0:13:05]} Bh7 {[%clk 0:29:37]}
22. Qf2 {[%clk 0:10:11]} Rc7 {[%clk 0:12:53]} 23. Rg4 {[%clk 0:09:42]} Kh8
{[%clk 0:12:36]} 24. Qg3 {[%clk 0:06:32]} Rg8 {[%clk 0:12:05]} 25. Rgf4
{[%clk 0:05:17]} Ne4 {[%clk 0:10:27]} 26. Qe3 {[%clk 0:05:00]} Ng5
{[%clk 0:10:09]} 27. c3 {[%clk 0:04:12]} Rc5 {[%clk 0:10:02]} 28. Nf3
{[%clk 0:03:00]} Bf5 {[%clk 0:06:04]} 29. Nxg5 {[%clk 0:02:42]} hxg5
{[%clk 0:06:28]} 30. Rd4 {[%clk 0:02:26]} f6 {[%clk 0:05:28]} 31. exf6 gxf6
{[%clk 0:05:49]} 32. Rxf5 {[%clk 0:01:34]} Rxf5 {[%clk 0:06:00]} 33. Qxe6
{[%clk 0:01:57]} Qxe6 {[%clk 0:05:39]} 34. Bxe6 {[%clk 0:02:24]} Re5
{[%clk 0:06:03]} 35. Bxg8 {[%clk 0:02:48]} Kxg8 36. Rd6 {[%clk 0:02:29]} Kg7
{[%clk 0:06:25]} 37. Rxa6 {[%clk 0:02:48]} Re2 {[%clk 0:06:50]} 38. b3
{[%clk 0:02:55]} Kh6 {[%clk 0:02:29]} 39. Rxf6+ {[%clk 0:01:07]} Kxh5
{[%clk 0:02:57]} 40. Rf2 {[%clk 0:15:41]} Re1+ {[%clk 0:17:15]} 41. Rf1
{[%clk 0:15:55]} Re2 {[%clk 0:14:42]} 42. Rf2 {[%clk 0:16:12]} Re1+
{[%clk 0:14:51]} 43. Kh2 {[%clk 0:16:39]} Rc1 {[%clk 0:15:07]} 44. Rf5
{[%clk 0:16:34]} Rxc3 {[%clk 0:11:27]} 45. Rxb5 {[%clk 0:16:56]} Rc2
{[%clk 0:08:42]} 46. a4 {[%clk 0:08:58]} Ra2 {[%clk 0:06:06]} 47. Kh3
{[%clk 0:08:41]} Kg6 {[%clk 0:05:32]} 48. g3 {[%clk 0:05:49]} 1-0

[Event "International Tournament"]
[Site "Thivon"]
[Date "2016.09.02"]
[Round "9.6"]
[White "Simeonidis, Ioannis"]
[Black "Nikolaou, Georgios"]
[Result "1/2-1/2"]
[BlackElo "2225"]
[WhiteElo "2226"]
[LiveChessVersion "1.4.8"]

1. d4 {[%clk 1:30:57]} Nf6 {[%clk 1:29:33]} 2. c4 {[%clk 1:31:18]} e6
{[%clk 1:29:56]} 3. Nf3 {[%clk 1:28:18]} b6 {[%clk 1:30:14]} 4. g3
{[%clk 1:28:27]} Bb7 {[%clk 1:30:28]} 5. Bg2 {[%clk 1:28:51]} Be7
{[%clk 1:30:44]} 6. O-O {[%clk 1:29:10]} O-O {[%clk 1:31:06]} 7. d5
{[%clk 1:28:04]} exd5 {[%clk 1:31:02]} 8. Nh4 {[%clk 1:28:05]} c6
{[%clk 1:31:12]} 9. cxd5 {[%clk 1:28:17]} Nxd5 {[%clk 1:31:27]} 10. Nf5
{[%clk 1:28:33]} Nc7 {[%clk 1:28:54]} 11. e4 {[%clk 1:26:48]} d5 {[%clk 1:28:36]}
12. Re1 {[%clk 1:26:33]} Re8 {[%clk 1:00:56]} 13. exd5 {[%clk 1:01:15]} Nxd5
{[%clk 0:53:54]} 14. Nc3 {[%clk 0:58:21]} Bf8 {[%clk 0:26:58]} 15. Rxe8
{[%clk 0:57:14]} Qxe8 {[%clk 0:27:26]} 16. Nxd5 {[%clk 0:55:50]} cxd5
{[%clk 0:27:47]} 17. Bf4 {[%clk 0:47:40]} Qe6 {[%clk 0:26:42]} 18. Ne3
{[%clk 0:44:02]} Na6 {[%clk 0:25:15]} 19. Bxd5 {[%clk 0:40:43]} Bxd5
{[%clk 0:25:38]} 20. Qxd5 {[%clk 0:41:03]} Qxd5 {[%clk 0:24:49]} 21. Nxd5
{[%clk 0:41:27]} Rc8 {[%clk 0:19:54]} 22. Re1 {[%clk 0:39:09]} Nb4
{[%clk 0:11:46]} 23. Ne7+ {[%clk 0:31:33]} Bxe7 {[%clk 0:12:14]} 24. Rxe7
{[%clk 0:32:00]} Nd3 {[%clk 0:05:58]} 25. b3 {[%clk 0:21:43]} Nxf4
{[%clk 0:05:16]} 26. gxf4 {[%clk 0:22:03]} a5 {[%clk 0:04:14]} 27. Rb7
{[%clk 0:22:08]} g6 {[%clk 0:03:41]} 28. Rxb6 {[%clk 0:22:28]} a4
{[%clk 0:03:37]} 29. Rb4 {[%clk 0:17:25]} axb3 {[%clk 0:03:57]} 30. axb3
{[%clk 0:17:50]} Rc3 {[%clk 0:02:47]} 31. Kg2 {[%clk 0:15:04]} Kg7
{[%clk 0:03:03]} 32. Rb6 {[%clk 0:14:40]} h5 {[%clk 0:02:27]} 33. h4
{[%clk 0:13:19]} Rd3 {[%clk 0:02:20]} 34. b4 {[%clk 0:13:02]} Rb3
{[%clk 0:01:09]} 35. f3 {[%clk 0:12:30]} Rb2+ {[%clk 0:01:16]} 36. Kg3
{[%clk 0:12:54]} f5 {[%clk 0:00:51]} 37. b5 {[%clk 0:11:14]} Kh7 {[%clk 0:01:17]}
38. Rb7+ {[%clk 0:11:34]} Kg8 {[%clk 0:01:40]} 1/2-1/2

[Event "International Tournament"]
[Site "Thivon"]
[Date "2016.09.02"]
[Round "9.7"]
[White "Katopodis, Dimitrios"]
[Black "Kofidis, Andreas"]
[Result "0-1"]
[BlackElo "2406"]
[WhiteElo "2126"]
[LiveChessVersion "1.4.8"]

1. d4 {[%clk 1:30:56]} Nf6 {[%clk 1:30:36]} 2. Nf3 {[%clk 1:31:11]} d6
{[%clk 1:31:01]} 3. c4 {[%clk 1:30:55]} Nbd7 {[%clk 1:31:07]} 4. Nc3
{[%clk 1:30:39]} e5 {[%clk 1:30:32]} 5. g3 {[%clk 1:28:31]} Be7 {[%clk 1:30:47]}
6. Bg2 {[%clk 1:28:11]} c6 {[%clk 1:31:11]} 7. O-O {[%clk 1:27:56]} a6
{[%clk 1:30:19]} 8. b3 {[%clk 1:23:35]} O-O {[%clk 1:30:02]} 9. Bb2
{[%clk 1:21:21]} e4 {[%clk 1:28:53]} 10. Ne1 {[%clk 1:19:14]} d5 {[%clk 1:28:49]}
11. Nc2 {[%clk 1:18:44]} Nb6 {[%clk 1:28:22]} 12. Ne3 {[%clk 1:17:29]} Ng4
{[%clk 1:28:31]} 13. Nxg4 {[%clk 1:16:24]} Bxg4 {[%clk 1:28:54]} 14. f3
{[%clk 1:14:04]} exf3 {[%clk 1:27:00]} 15. exf3 {[%clk 1:13:58]} Bf5
{[%clk 1:27:20]} 16. c5 {[%clk 1:12:56]} Nd7 {[%clk 1:27:37]} 17. g4
{[%clk 1:11:35]} Bg6 {[%clk 1:22:53]} 18. f4 {[%clk 1:11:08]} h6 {[%clk 1:21:52]}
19. f5 {[%clk 1:10:02]} Bh7 {[%clk 1:22:19]} 20. Ne2 {[%clk 1:07:18]} Bf6
{[%clk 1:22:18]} 21. b4 {[%clk 1:05:14]} Re8 {[%clk 1:20:41]} 22. Nf4
{[%clk 1:02:36]} a5 {[%clk 1:19:13]} 23. a3 {[%clk 1:01:16]} axb4
{[%clk 1:15:29]} 24. axb4 {[%clk 1:01:15]} Rxa1 {[%clk 1:15:20]} 25. Qxa1
{[%clk 1:00:01]} Qe7 {[%clk 1:14:32]} 26. Bc3 {[%clk 0:52:37]} Bh4
{[%clk 1:12:24]} 27. Qc1 {[%clk 0:48:25]} Nf6 {[%clk 1:12:01]} 28. h3
{[%clk 0:46:20]} h5 {[%clk 1:03:07]} 29. Nd3 {[%clk 0:41:41]} hxg4
{[%clk 1:02:07]} 30. Ne5 {[%clk 0:39:14]} gxh3 {[%clk 1:02:05]} 31. Bxh3
{[%clk 0:37:37]} Ne4 {[%clk 1:02:21]} 32. Bd2 {[%clk 0:32:32]} Bg3
{[%clk 0:56:03]} 33. Bf4 {[%clk 0:30:37]} Qh4 {[%clk 0:56:10]} 34. Kg2
{[%clk 0:29:01]} Bxf5 {[%clk 0:39:53]} 35. Bxf5 {[%clk 0:28:27]} Qh2+
{[%clk 0:40:20]} 36. Kf3 {[%clk 0:28:04]} Bxf4 {[%clk 0:40:46]} 37. Qxf4
{[%clk 0:27:21]} Nd2+ {[%clk 0:41:10]} 38. Ke3 {[%clk 0:23:46]} Nxf1+
{[%clk 0:41:27]} 39. Qxf1 {[%clk 0:22:55]} f6 {[%clk 0:41:38]} 40. Bg6
{[%clk 0:36:46]} Qh6+ {[%clk 0:52:59]} 41. Kd3 {[%clk 0:32:14]} Rxe5
{[%clk 0:50:11]} 42. Bf7+ {[%clk 0:32:14]} Kxf7 {[%clk 0:50:35]} 43. dxe5
{[%clk 0:32:14]} Qg6+ {[%clk 0:51:03]} 0-1

[Event "International Tournament"]
[Site "Thivon"]
[Date "2016.09.02"]
[Round "9.8"]
[White "Papadopoulos, Nikolaos"]
[Black "Loutragotis, Dimitrios"]
[Result "1-0"]
[BlackElo "2157"]
[WhiteElo "2234"]
[LiveChessVersion "1.4.8"]

1. d4 {[%clk 1:30:19]} Nf6 {[%clk 1:30:53]} 2. c4 {[%clk 1:30:38]} g6
{[%clk 1:31:06]} 3. Nc3 {[%clk 1:30:46]} Bg7 {[%clk 1:31:25]} 4. e4
{[%clk 1:30:48]} d6 {[%clk 1:31:48]} 5. f3 {[%clk 1:30:43]} O-O {[%clk 1:31:34]}
6. Be3 {[%clk 1:28:39]} a5 {[%clk 1:31:50]} 7. Qd2 {[%clk 1:28:09]} Nfd7
{[%clk 1:31:21]} 8. Nge2 {[%clk 1:23:15]} e5 {[%clk 1:31:24]} 9. h4
{[%clk 1:20:33]} f5 {[%clk 1:19:42]} 10. exf5 {[%clk 1:16:54]} gxf5
{[%clk 1:19:36]} 11. O-O-O {[%clk 1:08:44]} Na6 {[%clk 1:13:11]} 12. h5
{[%clk 1:04:52]} Qe8 {[%clk 1:04:58]} 13. h6 {[%clk 1:00:14]} Bf6
{[%clk 1:04:52]} 14. Nd5 {[%clk 0:49:17]} f4 {[%clk 0:45:21]} 15. Bf2
{[%clk 0:47:52]} Bg5 {[%clk 0:44:11]} 16. g3 {[%clk 0:45:03]} c6 {[%clk 0:40:32]}
17. gxf4 {[%clk 0:38:18]} cxd5 {[%clk 0:40:47]} 18. Rg1 {[%clk 0:36:21]} Nb6
{[%clk 0:40:09]} 19. Rxg5+ {[%clk 0:36:12]} Kh8 {[%clk 0:40:31]} 20. dxe5
{[%clk 0:31:25]} Nxc4 {[%clk 0:40:39]} 21. e6 {[%clk 0:29:53]} Qc6
{[%clk 0:32:38]} 22. Bd4+ {[%clk 0:27:17]} Ne5+ {[%clk 0:33:00]} 23. Nc3
{[%clk 0:27:09]} 1-0

[Event "International Tournament"]
[Site "Thivon"]
[Date "2016.09.02"]
[Round "9.9"]
[White "Nikolaou, Spiridon"]
[Black "Kordis, Konstantinos"]
[Result "0-1"]
[BlackElo "2218"]
[WhiteElo "2065"]
[LiveChessVersion "1.4.8"]

1. e4 {[%clk 1:30:56]} c5 {[%clk 1:30:50]} 2. Nf3 {[%clk 1:31:22]} d6
{[%clk 1:30:59]} 3. d4 {[%clk 1:31:47]} cxd4 {[%clk 1:31:23]} 4. Nxd4
{[%clk 1:32:15]} Nf6 {[%clk 1:31:43]} 5. Nc3 {[%clk 1:32:43]} a6 {[%clk 1:32:02]}
6. Bc4 {[%clk 1:33:09]} e6 {[%clk 1:31:37]} 7. Bb3 {[%clk 1:33:35]} b5
{[%clk 1:30:22]} 8. O-O {[%clk 1:33:59]} Be7 {[%clk 1:27:45]} 9. a4
{[%clk 1:33:43]} b4 {[%clk 1:26:15]} 10. Na2 {[%clk 1:34:10]} O-O
{[%clk 1:22:36]} 11. f3 {[%clk 1:25:11]} d5 {[%clk 1:10:38]} 12. e5
{[%clk 1:20:21]} Nfd7 {[%clk 1:08:11]} 13. f4 {[%clk 1:20:46]} Nc5
{[%clk 1:06:45]} 14. c3 {[%clk 1:14:03]} bxc3 {[%clk 0:57:39]} 15. Nxc3
{[%clk 1:06:37]} Nxb3 {[%clk 0:57:00]} 16. Nxb3 {[%clk 1:06:23]} Qb6+
{[%clk 0:53:43]} 17. Kh1 {[%clk 1:06:44]} Nc6 {[%clk 0:53:46]} 18. a5
{[%clk 1:05:06]} Qc7 {[%clk 0:49:48]} 19. Be3 {[%clk 0:59:54]} Rb8
{[%clk 0:34:22]} 20. Rc1 {[%clk 0:52:50]} Rxb3 {[%clk 0:31:18]} 21. Qxb3
{[%clk 0:52:44]} d4 {[%clk 0:31:39]} 22. Bg1 {[%clk 0:48:46]} dxc3
{[%clk 0:24:06]} 23. Rxc3 {[%clk 0:49:09]} Qb7 {[%clk 0:23:29]} 24. Bb6
{[%clk 0:45:29]} Qa8 {[%clk 0:14:35]} 25. Rfc1 {[%clk 0:30:59]} Bb7
{[%clk 0:14:29]} 26. Qd1 {[%clk 0:18:07]} Nb4 {[%clk 0:10:56]} 27. Qg4
{[%clk 0:15:43]} Be4 {[%clk 0:09:16]} 28. Rc7 {[%clk 0:11:30]} Nd3
{[%clk 0:07:11]} 29. R1c3 {[%clk 0:07:15]} Bd8 {[%clk 0:06:35]} 30. Qg3
{[%clk 0:00:53]} Bxc7 {[%clk 0:06:36]} 31. Bxc7 {[%clk 0:01:12]} Rc8
{[%clk 0:05:35]} 32. h4 {[%clk 0:00:47]} Qb7 {[%clk 0:05:38]} 33. Bb6
{[%clk 0:00:36]} Rxc3 {[%clk 0:05:51]} 34. bxc3 {[%clk 0:01:05]} Qd5
{[%clk 0:05:47]} 35. Qg5 {[%clk 0:00:52]} h6 {[%clk 0:06:07]} 36. Qe7
{[%clk 0:00:48]} Bxg2+ {[%clk 0:06:24]} 37. Kh2 {[%clk 0:01:01]} Qf3
{[%clk 0:06:45]} 0-1

[Event "International Tournament"]
[Site "Thivon"]
[Date "2016.09.02"]
[Round "9.10"]
[White "Pandelidis, Ioannis"]
[Black "Gogolis, Alexandros"]
[Result "1/2-1/2"]
[BlackElo "2207"]
[WhiteElo "2098"]
[LiveChessVersion "1.4.8"]

1. e4 {[%clk 1:29:28]} c6 {[%clk 1:28:49]} 2. d4 {[%clk 1:27:47]} d5
{[%clk 1:28:42]} 3. Nc3 {[%clk 1:27:47]} dxe4 {[%clk 1:27:29]} 4. Nxe4
{[%clk 1:28:09]} Nf6 {[%clk 1:26:33]} 5. Nxf6+ {[%clk 1:25:26]} exf6
{[%clk 1:23:33]} 6. c3 {[%clk 1:21:49]} Bd6 {[%clk 1:21:19]} 7. Bd3
{[%clk 1:20:03]} O-O {[%clk 1:20:40]} 8. Qf3 {[%clk 1:18:24]} Re8+
{[%clk 1:16:36]} 9. Ne2 {[%clk 1:18:26]} Nd7 {[%clk 1:12:39]} 10. O-O
{[%clk 1:17:05]} Nf8 {[%clk 1:12:12]} 11. Bf4 {[%clk 1:10:38]} Ne6
{[%clk 1:01:20]} 12. Bxd6 {[%clk 1:02:17]} Qxd6 {[%clk 1:01:13]} 13. Rfe1
{[%clk 1:02:03]} Bd7 {[%clk 0:54:50]} 14. Qg3 {[%clk 0:46:51]} Qxg3
{[%clk 0:53:12]} 15. fxg3 {[%clk 0:42:05]} c5 {[%clk 0:43:45]} 16. d5
{[%clk 0:34:05]} Nc7 {[%clk 0:43:01]} 17. c4 {[%clk 0:34:24]} Re3
{[%clk 0:32:33]} 18. Nf4 {[%clk 0:25:47]} Rxe1+ {[%clk 0:30:16]} 19. Rxe1
{[%clk 0:26:07]} Re8 {[%clk 0:30:42]} 20. Rxe8+ {[%clk 0:14:29]} Nxe8
{[%clk 0:30:54]} 21. Ne2 {[%clk 0:14:56]} Nd6 {[%clk 0:29:55]} 22. Nc3
{[%clk 0:15:19]} f5 {[%clk 0:27:04]} 23. Nb1 {[%clk 0:03:32]} b6 {[%clk 0:24:06]}
24. Nd2 {[%clk 0:03:33]} Kf8 {[%clk 0:23:26]} 25. Kf2 {[%clk 0:03:28]} Ke7
{[%clk 0:23:41]} 26. Ke3 {[%clk 0:03:40]} Kf6 {[%clk 0:22:55]} 27. h3
{[%clk 0:03:50]} h6 {[%clk 0:21:40]} 28. a3 {[%clk 0:03:47]} a5 {[%clk 0:21:44]}
29. b3 {[%clk 0:04:00]} g5 {[%clk 0:21:26]} 30. a4 {[%clk 0:03:09]} Be8
{[%clk 0:21:06]} 31. Bc2 {[%clk 0:03:28]} Ke7 {[%clk 0:21:01]} 32. Bd3
{[%clk 0:01:36]} f6 {[%clk 0:20:19]} 33. g4 {[%clk 0:01:02]} fxg4
{[%clk 0:16:19]} 34. hxg4 {[%clk 0:01:28]} Bd7 {[%clk 0:16:41]} 35. Kf3
{[%clk 0:01:03]} Be8 {[%clk 0:11:59]} 36. Bf5 {[%clk 0:01:08]} h5
{[%clk 0:11:18]} 37. Ne4 {[%clk 0:00:48]} hxg4+ {[%clk 0:08:29]} 38. Kxg4
{[%clk 0:00:50]} Bf7 {[%clk 0:07:50]} 39. Bh7 {[%clk 0:00:32]} Nxe4
{[%clk 0:02:58]} 40. Bxe4 {[%clk 0:16:01]} Be8 {[%clk 0:18:19]} 41. Bf5
{[%clk 0:07:35]} Kd6 {[%clk 0:18:41]} 42. Kf3 1/2-1/2